| 000 | 00356nam a22001577a 4500 | ||
|---|---|---|---|
| 003 | OSt | ||
| 008 | 240429b |||||||| |||| 00| 0 eng d | ||
| 020 | _a9789393159045 | ||
| 082 | _a551.48 RAH | ||
| 100 | _aRAGHUNATH,HM | ||
| 245 | _aEngineering Hydrology | ||
| 250 | _a4th Ed | ||
| 260 |
_aNew Delhi _bNew Age _c2024 |
||
| 300 | _a483 | ||
| 942 |
_2ddc _cBK |
||
| 999 |
_c12576 _d12576 |
||